000 00292nam a2200109Ia 4500
008 190912s9999||||xx |||||||||||||| ||und||
100 _aVandevoorde, David
245 0 _aC++ Solutions Companion to The C++ programming Language
260 _aUSA
_bMcGraw-Hill
_c1998
300 _a292
942 _cBK
999 _c7426
_d7426